[Event "SR 3. liga A2 2010/2011"]
[Site "?"]
[Date "2011.02.13"]
[Round "8.1"]
[White "Mihalik, Anton"]
[Black "Janko, Michal"]
[Result "0-1"]
[WhiteElo "1919"]
[BlackElo "2274"]
[PlyCount "102"]
[EventDate "2010.??.??"]
[WhiteTeam "Slovakia"]
[BlackTeam "II"]
[WhiteTeamCountry "SVK"]
[BlackTeamCountry "SVK"]

1. c4 g6 2. Nc3 Bg7 3. d4 c5 4. Nf3 cxd4 5. Nxd4 Nc6 6. e3 Nf6 7. Be2 O-O 8.
O-O Qa5 9. Bd2 Qb6 10. Nb3 d6 11. e4 a5 12. Be3 $11 Qd8 13. Qd2 a4 14. Nd4 Bd7
15. f3 Qa5 16. Rfd1 Rfc8 17. Rac1 Nxd4 18. Bxd4 Bc6 19. a3 Nd7 20. Bxg7 Kxg7
21. Qd4+ Kg8 22. Rd2 Qc5 23. Qxc5 Nxc5 24. Bd1 Ra5 25. Kf2 Kf8 26. Ke3 Bd7 27.
Nd5 Be6 28. Nf4 Ra6 29. Nd3 Ra5 30. Nb4 Nd7 31. Nd5 Bxd5 32. Rxd5 Nc5 33. Rc3
Ra6 34. Rd2 e5 35. g3 Ne6 36. f4 Nd4 37. fxe5 dxe5 38. g4 h6 39. h3 Ke7 40. Kd3
Rd8 41. Ke3 Rdd6 42. c5 Rf6 43. Rc4 Rf1 44. Rb4 Rc6 45. Rxb7+ Kf8 46. Be2 Rh1
47. Bd1 Rxh3+ 48. Kf2 Ne6 49. Rdd7 Ng5 50. Rd5 Nxe4+ 51. Ke2 Rf6 {biely cas}
0-1

[Event "SR 3. liga A2 2010/2011"]
[Site "?"]
[Date "2011.02.13"]
[Round "8.1"]
[White "Pribila, Gerhard"]
[Black "Blatnicky, Miroslav"]
[Result "1/2-1/2"]
[WhiteElo "2032"]
[BlackElo "2119"]
[PlyCount "35"]
[EventDate "2010.??.??"]
[WhiteTeam "Slovakia"]
[BlackTeam "II"]
[WhiteTeamCountry "SVK"]
[BlackTeamCountry "SVK"]

1. e4 Nc6 2. d4 e5 3. Nf3 exd4 4. Nxd4 Qf6 5. Nxc6 dxc6 6. Nc3 Be6 7. Qf3 Bb4
8. Qxf6 Nxf6 9. Bd2 O-O-O 10. f3 Rd7 11. O-O-O Rhd8 12. Bd3 c5 13. a3 Ba5 14.
Nb1 Bb6 15. Be2 c4 16. Bg5 h6 17. Rxd7 Rxd7 18. Bd2 1/2-1/2

[Event "SR 3. liga A2 2010/2011"]
[Site "?"]
[Date "2011.02.13"]
[Round "8.1"]
[White "Sebesta, Radovan"]
[Black "Svoboda, Adam"]
[Result "1-0"]
[WhiteElo "2076"]
[BlackElo "1925"]
[PlyCount "117"]
[EventDate "2010.??.??"]
[WhiteTeam "Slovakia"]
[BlackTeam "II"]
[WhiteTeamCountry "SVK"]
[BlackTeamCountry "SVK"]

1. d4 d5 2. c4 c6 3. Nf3 Nf6 4. Nc3 a6 5. e3 e6 6. Qc2 Nbd7 7. Bd3 Bd6 8. O-O
O-O 9. b3 e5 10. cxd5 cxd5 11. dxe5 Nxe5 12. Be2 Bg4 13. Nxe5 Bxe5 14. Bb2 Rc8
15. Rac1 Bxe2 16. Qxe2 Qe7 17. Rfd1 Rfd8 18. Nxd5 Nxd5 19. Rxc8 Rxc8 20. Rxd5
Bxb2 21. Qxb2 Qf6 22. Rd4 h6 23. g3 Qf5 24. Qe2 Rc2 25. Rd2 Rc1+ 26. Kg2 Qe6
27. Rd8+ Kh7 28. Qd3+ Qg6 29. Qxg6+ Kxg6 30. Rd7 Rc2 31. a4 Rc6 32. Rxb7 Kf6
33. h4 h5 34. Kf3 g6 35. b4 Rc4 36. Rb6+ Kg7 37. a5 Kf8 38. e4 Ke7 39. Rxa6
Rxb4 40. Rb6 Ra4 41. a6 Kf8 42. Kf4 Ra2 43. f3 Ra3 44. g4 Kg7 45. gxh5 gxh5 46.
Rc6 Ra5 47. e5 Ra4+ 48. Kg5 Ra5 49. f4 Ra4 50. f5 Ra5 51. f6+ Kh7 52. Kf5 Kg8
53. Rc8+ Kh7 54. Rf8 Rxa6 55. Rxf7+ Kh6 56. Rf8 Kh7 57. Kg5 Ra5 58. Re8 Ra7 59.
Re7+ 1-0

[Event "SR 3. liga A2 2010/2011"]
[Site "?"]
[Date "2011.02.13"]
[Round "8.1"]
[White "Veselsky, Jozef"]
[Black "Sefcik, Marek"]
[Result "1-0"]
[WhiteElo "2118"]
[BlackElo "2025"]
[PlyCount "65"]
[EventDate "2010.??.??"]
[WhiteTeam "Slovakia"]
[BlackTeam "II"]
[WhiteTeamCountry "SVK"]
[BlackTeamCountry "SVK"]

1. d4 e6 2. Nf3 b6 3. g3 Bb7 4. Bg2 f5 5. O-O Nf6 6. c4 Be7 7. Nc3 O-O 8. d5
exd5 9. Nd4 Ne8 10. Nxd5 Kh8 11. Qd3 Nd6 12. Bf4 c6 13. Nxe7 Qxe7 14. Nxc6 Nxc6
15. Bxd6 Qe6 16. Bxf8 Rxf8 17. Bd5 Qf6 18. Qd2 f4 19. Qxf4 Qxf4 20. gxf4 Rxf4
21. f3 Bc8 22. Kf2 Ne5 23. Rfd1 g5 24. Kg3 h5 25. e3 h4+ 26. Kg2 Rf6 27. h3 Kg7
28. Rac1 d6 29. Rd4 Kf8 30. f4 gxf4 31. Rxf4 Bf5 32. Rcf1 Rg6+ 33. Kh2 1-0

[Event "SR 3. liga A2 2010/2011"]
[Site "?"]
[Date "2011.02.13"]
[Round "8.2"]
[White "Cechovic, Stefan"]
[Black "Kozinka, Roman"]
[Result "1/2-1/2"]
[WhiteElo "2190"]
[BlackElo "2049"]
[PlyCount "27"]
[EventDate "2010.??.??"]
[WhiteTeam "Slovakia"]
[BlackTeam "II"]
[WhiteTeamCountry "SVK"]
[BlackTeamCountry "SVK"]

1. Nf3 Nf6 2. c4 e6 3. d4 b6 4. Nc3 Bb7 5. Bg5 Be7 6. e3 O-O 7. Bd3 d5 8. O-O
Nbd7 9. cxd5 Nxd5 10. Bxe7 Qxe7 11. Nxd5 Bxd5 12. e4 Bb7 13. Qe2 c5 14. Rac1
1/2-1/2

[Event "SR 3. liga A2 2010/2011"]
[Site "?"]
[Date "2011.02.13"]
[Round "8.2"]
[White "Hirmajer, Jan"]
[Black "Pribila, Michal"]
[Result "0-1"]
[WhiteElo "2030"]
[BlackElo "2103"]
[PlyCount "58"]
[EventDate "2010.??.??"]
[WhiteTeam "Slovakia"]
[BlackTeam "II"]
[WhiteTeamCountry "SVK"]
[BlackTeamCountry "SVK"]

1. c4 e6 2. g3 d5 3. Bg2 c6 4. Qc2 Nf6 5. Nf3 Be7 6. O-O O-O 7. d4 Nbd7 8. c5
b6 9. b4 a5 10. cxb6 axb4 11. Qxc6 Nxb6 12. Qc2 Bd7 13. Nbd2 Ba4 14. Nb3 Rc8
15. Qb1 Ne4 16. Bb2 Nc4 17. Rc1 Qb6 18. Rc2 Rc6 19. Qc1 Rfc8 20. Qf4 Qa7 21.
Ne1 Nxb2 22. Rxb2 Bxb3 23. Rxb3 Qxd4 24. Rab1 Bg5 25. Qg4 Qxf2+ 26. Kh1 Bf6 27.
Nd3 Qe3 28. Bxe4 dxe4 29. Nxb4 Rc1+ 0-1

[Event "SR 3. liga A2 2010/2011"]
[Site "?"]
[Date "2011.02.13"]
[Round "8.2"]
[White "Janko, Ladislav"]
[Black "Nemsak, Denis"]
[Result "1-0"]
[WhiteElo "2239"]
[BlackElo "1791"]
[PlyCount "79"]
[EventDate "2010.??.??"]
[WhiteTeam "Slovakia"]
[BlackTeam "II"]
[WhiteTeamCountry "SVK"]
[BlackTeamCountry "SVK"]

1. e4 d5 2. Nc3 d4 3. Nce2 e5 4. Ng3 Be6 5. d3 Nc6 6. Nf3 Be7 7. Be2 h5 8. O-O
g6 9. c3 h4 10. Nh1 g5 11. cxd4 exd4 12. Qa4 f6 13. Ne1 Qd7 14. f4 Bg4 15. Bxg4
Qxg4 16. Nf2 Qh5 17. b4 O-O-O 18. b5 Nb8 19. Qxa7 Bd6 20. e5 fxe5 21. fxg5 Ne7
22. Qa4 Nd5 23. Qd1 Qg6 24. Ne4 Be7 25. Qg4+ Nd7 26. Nf3 Qh5 27. Nxe5 Qxg4 28.
Nxg4 Rdg8 29. Bd2 Nc3 30. Nxc3 dxc3 31. Bxc3 Rh5 32. Nf6 Nxf6 33. gxf6 Bc5+ 34.
Kh1 Rd8 35. d4 Ba3 36. Rab1 Bf8 37. a4 Kd7 38. a5 Ke6 39. f7 Kd5 40. Bb4 1-0

[Event "SR 3. liga A2 2010/2011"]
[Site "?"]
[Date "2011.02.13"]
[Round "8.2"]
[White "Kovarik, Oto"]
[Black "Meszaros, Lorant"]
[Result "1/2-1/2"]
[WhiteElo "2025"]
[BlackElo "2076"]
[PlyCount "126"]
[EventDate "2010.??.??"]
[WhiteTeam "Slovakia"]
[BlackTeam "II"]
[WhiteTeamCountry "SVK"]
[BlackTeamCountry "SVK"]

1. e4 e5 2. Nf3 Nc6 3. Bb5 a6 4. Bxc6 dxc6 5. h3 f6 6. O-O c5 7. d3 Be6 8. Be3
Bd6 9. c3 Ne7 10. d4 cxd4 11. cxd4 Ng6 12. Nc3 O-O 13. Qc2 Qe8 14. dxe5 fxe5
15. Ng5 Bd7 16. Qe2 h6 17. Nf3 Qf7 18. Nh2 Nh4 19. Kh1 Be6 20. b3 Rae8 21. Rad1
Bd7 22. Rg1 Kh7 23. Nd5 Be6 24. Rd3 Rd8 25. f3 c6 26. Nb6 Bc7 27. Rgd1 Rxd3 28.
Rxd3 Rd8 29. Rxd8 Bxd8 30. Qd1 Bc7 31. Na4 Qg6 32. Qe2 Qf7 33. Bf2 Ng6 34. Bg3
Qe7 35. Qc2 Qb4 36. Nc5 Bc8 37. Ng4 h5 38. Ne3 Bb6 39. Nd3 Qd4 40. Bf2 Qa1+ 41.
Kh2 Bxe3 42. Bxe3 Qf1 43. Nf2 Nh4 44. Nh1 Nxf3+ 45. gxf3 Qxh3+ 46. Kg1 Qxf3 47.
Qf2 Qxe4 48. Ng3 Qg4 49. Qg2 Be6 50. Qe4+ Qxe4 51. Nxe4 Bd5 52. Nc5 Kg6 53.
Nxb7 Kf5 54. Nc5 a5 55. Bd2 g5 56. Bxa5 g4 57. Be1 Kf4 58. a4 g3 59. Nd3+ Ke4
60. Nxe5 Kxe5 61. Bxg3+ Kd4 62. b4 Kc4 63. Bd6 Be6 1/2-1/2

[Event "SR 3. liga A2 2010/2011"]
[Site "?"]
[Date "2011.02.13"]
[Round "8.2"]
[White "Krist, Milan"]
[Black "Palka, Miroslav"]
[Result "1/2-1/2"]
[WhiteElo "2004"]
[BlackElo "1935"]
[PlyCount "57"]
[EventDate "2010.??.??"]
[WhiteTeam "Slovakia"]
[BlackTeam "II"]
[WhiteTeamCountry "SVK"]
[BlackTeamCountry "SVK"]

1. d4 d5 2. Nf3 g6 3. c4 e6 4. Nc3 Nf6 5. e3 Bg7 6. Bd3 O-O 7. O-O b6 8. cxd5
Nxd5 9. Bd2 Bb7 10. Rc1 Nd7 11. Qe2 c5 12. Bb1 e5 13. Nxd5 Bxd5 14. e4 Bb7 15.
d5 Qe7 16. a3 f5 17. Ng5 fxe4 18. Bxe4 Qd6 19. Ne6 Rf7 20. Nxg7 Kxg7 21. Bc3
Kg8 22. Rcd1 a5 23. Qe3 Nf6 24. f3 Ba6 25. Rfe1 Re8 26. Qd2 Bc4 27. Qg5 Nxe4
28. Rxe4 Rf5 29. Qe3 1/2-1/2

[Event "SR 3. liga A2 2010/2011"]
[Site "?"]
[Date "2011.02.13"]
[Round "8.2"]
[White "Strakac, Petr"]
[Black "Merva, Frantisek"]
[Result "1-0"]
[WhiteElo "2046"]
[BlackElo "2038"]
[PlyCount "97"]
[EventDate "2010.??.??"]
[WhiteTeam "Slovakia"]
[BlackTeam "II"]
[WhiteTeamCountry "SVK"]
[BlackTeamCountry "SVK"]

1. e4 e5 2. Nf3 Nc6 3. Bb5 a6 4. Bxc6 dxc6 5. d4 exd4 6. Qxd4 Qxd4 7. Nxd4 Nf6
8. f3 Bc5 9. Be3 O-O 10. Kf2 Rd8 11. Rd1 Bb4 12. c3 Bf8 13. Nd2 c5 14. Ne2 b6
15. Bf4 Ne8 16. Nf1 Be6 17. b3 Be7 18. g4 Rxd1 19. Rxd1 Rd8 20. Rxd8 Bxd8 21.
Ne3 Kf8 22. Bg3 f6 23. Nf4 Bg8 24. h4 b5 25. Ke2 c6 26. Nf5 Bb6 27. Bf2 Kf7 28.
Nd3 Ba5 29. Nxc5 Bxc3 30. Nxa6 Be5 31. Bc5 Ke6 32. Ke3 Kd7 33. Ne7 Be6 34. Nb4
Bd6 35. Bxd6 Kxd6 36. Nexc6 Kc5 37. Nd4 Bd7 38. Nd3+ Kb6 39. Nb4 Nd6 40. Nf5
Bxf5 41. gxf5 Kc5 42. Nd3+ Kb6 43. h5 Ka5 44. Kd4 Kb6 45. Kd5 Kc7 46. Kc5 Kd7
47. Nf4 Ke7 48. Nd5+ Kd7 49. a3 1-0

[Event "SR 3. liga A2 2010/2011"]
[Site "?"]
[Date "2011.02.13"]
[Round "8.3"]
[White "Gasa, Patrik"]
[Black "Bahna, Jan"]
[Result "0-1"]
[WhiteElo "1706"]
[BlackElo "1975"]
[PlyCount "60"]
[EventDate "2010.??.??"]
[WhiteTeam "Slovakia"]
[BlackTeam "II"]
[WhiteTeamCountry "SVK"]
[BlackTeamCountry "SVK"]

1. d4 d5 2. c4 e6 3. Nf3 Nf6 4. e3 Be7 5. Nc3 O-O 6. Bd3 a6 7. O-O dxc4 8. Bxc4
b5 9. Bb3 Bb7 10. Ne5 c5 11. f4 Nc6 12. Nxc6 Bxc6 13. a4 c4 14. axb5 axb5 15.
Rxa8 Qxa8 16. Bc2 Bxg2 17. Rf2 Bc6 18. b3 b4 19. Ne2 cxb3 20. Bxb3 Ng4 21. Ng3
Nxf2 22. Kxf2 Qa1 23. f5 exf5 24. Nxf5 Bf6 25. Qg4 g6 26. Nh6+ Kg7 27. Qf4 Qxc1
28. Ng4 Bh4+ 29. Ke2 Bb5+ 30. Bc4 Bxc4+ 0-1

[Event "SR 3. liga A2 2010/2011"]
[Site "?"]
[Date "2011.02.13"]
[Round "8.3"]
[White "Kocak, Branislav"]
[Black "Jakubec, Milan"]
[Result "0-1"]
[WhiteElo "1927"]
[BlackElo "2073"]
[PlyCount "134"]
[EventDate "2010.??.??"]
[WhiteTeam "Slovakia"]
[BlackTeam "II"]
[WhiteTeamCountry "SVK"]
[BlackTeamCountry "SVK"]

1. d4 d5 2. c4 e6 3. Nf3 Nf6 4. Bg5 Nbd7 5. Nc3 c6 6. e3 Qa5 7. Bxf6 Nxf6 8.
Nd2 Bb4 9. Qc2 O-O 10. Bd3 dxc4 11. Nxc4 Qg5 12. g3 c5 13. h4 Qd5 14. O-O-O
Bxc3 15. bxc3 cxd4 16. exd4 b6 17. Rhe1 Bb7 18. Ne3 Qc6 19. Kb2 Rfc8 20. c4 Qd6
21. Kb1 g6 22. Qb2 Rc7 23. g4 Qf4 24. Ka1 Rd8 25. g5 Ng4 26. Nxg4 Qxg4 27. d5
exd5 28. Qf6 Qd7 29. h5 Rc6 30. Qe7 gxh5 31. cxd5 Rd6 32. Qe4 f5 33. gxf6 Bxd5
34. Rg1+ Kh8 35. Qe7 Bf7 36. Bc2 Rxd1+ 37. Bxd1 Bg6 38. Qg7+ Qxg7 39. fxg7+
Kxg7 40. Bxh5 Rd2 41. f3 Kf6 42. Bxg6 hxg6 43. Rg4 Kf5 44. Ra4 a5 45. Rc4 Re2
46. Rc6 b5 47. Rd6 g5 48. Rd5+ Re5 49. Rd4 Ke6 50. Kb2 Rf5 51. Rd3 Ke5 52. Kc2
Kf4 53. Kd2 Re5 54. a3 Rc5 55. Rb3 a4 56. Rd3 Rc4 57. Rd5 b4 58. axb4 Rxb4 59.
Rd3 Rb2+ 60. Ke1 Ra2 61. Rc3 a3 62. Rb3 Kg3 63. Rc3 Ra1+ 64. Ke2 a2 65. Ra3 Rh1
66. f4+ Kxf4 67. Ra4+ Kf5 0-1

[Event "SR 3. liga A2 2010/2011"]
[Site "?"]
[Date "2011.02.13"]
[Round "8.3"]
[White "Obdrzalkova, Anita"]
[Black "Kubis, Ivan"]
[Result "1/2-1/2"]
[WhiteElo "2014"]
[BlackElo "1980"]
[PlyCount "50"]
[EventDate "2010.??.??"]
[WhiteTeam "Slovakia"]
[BlackTeam "II"]
[WhiteTeamCountry "SVK"]
[BlackTeamCountry "SVK"]

1. d4 Nf6 2. c4 e6 3. Nc3 Bb4 4. Qc2 O-O 5. Nf3 b6 6. Bg5 Bb7 7. Nd2 h6 8. Bh4
d6 9. f3 Nbd7 10. e3 Re8 11. Bd3 c5 12. O-O Rc8 13. a3 Bxc3 14. bxc3 d5 15.
Rac1 Qc7 16. Bg3 Qd8 17. Rfe1 cxd4 18. exd4 Nh5 19. cxd5 Bxd5 20. Bf2 Nf4 21.
Ne4 Nxd3 22. Qxd3 Bc4 23. Qd2 Nf6 24. Bg3 Nxe4 25. fxe4 Qd7 1/2-1/2

[Event "SR 3. liga A2 2010/2011"]
[Site "?"]
[Date "2011.02.13"]
[Round "8.3"]
[White "Strapko, Tomas"]
[Black "Dvorsky, Jozef"]
[Result "1-0"]
[WhiteElo "1852"]
[BlackElo "2024"]
[PlyCount "95"]
[EventDate "2010.??.??"]
[WhiteTeam "Slovakia"]
[BlackTeam "II"]
[WhiteTeamCountry "SVK"]
[BlackTeamCountry "SVK"]

1. d4 d5 2. c4 e6 3. Nc3 Nf6 4. Nf3 Be7 5. Bg5 O-O 6. e3 b6 7. Bd3 Bb7 8. O-O
a6 9. Rc1 Nbd7 10. cxd5 exd5 11. Bb1 Re8 12. Ne5 Nxe5 13. dxe5 Nd7 14. Bxe7
Rxe7 15. Nxd5 Bxd5 16. Qxd5 Nxe5 17. Qxd8+ Rxd8 18. Rfd1 Red7 19. Bc2 g6 20.
Rxd7 Rxd7 21. Rd1 Rxd1+ 22. Bxd1 Nd3 23. b3 a5 24. g3 Kf8 25. f4 Ke7 26. e4 f6
27. Bc2 Nc1 28. a3 Ne2+ 29. Kf2 Nd4 30. Bd1 Kd6 31. Ke3 Kc5 32. Kd3 Nb5 33. a4
Nd4 34. h4 c6 35. g4 h6 36. f5 g5 37. hxg5 hxg5 38. Kc3 b5 39. Kd3 bxa4 40.
bxa4 Nb5 41. axb5 cxb5 42. Kc2 a4 43. Kb2 Kd4 44. Bc2 Ke5 45. Ka3 Kf4 46. Kb4
Kxg4 47. e5 fxe5 48. f6 1-0

[Event "SR 3. liga A2 2010/2011"]
[Site "?"]
[Date "2011.02.13"]
[Round "8.3"]
[White "Sturdik, Igor"]
[Black "Liptak, Dusan"]
[Result "1-0"]
[WhiteElo "2071"]
[BlackElo "2086"]
[PlyCount "73"]
[EventDate "2010.??.??"]
[WhiteTeam "Slovakia"]
[BlackTeam "II"]
[WhiteTeamCountry "SVK"]
[BlackTeamCountry "SVK"]

1. e4 c5 2. Nf3 d6 3. d4 cxd4 4. Nxd4 Nf6 5. Nc3 g6 6. Be3 Bg7 7. f3 O-O 8. Bc4
Nc6 9. Qd2 Bd7 10. h4 h5 11. O-O-O Rc8 12. Bb3 Ne5 13. Bg5 Rc5 14. Kb1 b5 15.
g4 hxg4 16. h5 Nxh5 17. Bh6 Nc4 18. Bxc4 Rxc4 19. Bxg7 Nxg7 20. Rh8+ Kxh8 21.
Qh6+ Kg8 22. Rh1 f5 23. exf5 Bxf5 24. Nxf5 Rxf5 25. Qh8+ Kf7 26. Qxd8 gxf3 27.
Qa8 f2 28. Qg2 Rg4 29. Qxg4 f1=Q+ 30. Rxf1 Rxf1+ 31. Nd1 Nf5 32. a4 Ne3 33. Qe2
Rxd1+ 34. Ka2 Rd4 35. Qxe3 Rxa4+ 36. Kb1 e5 37. Qb3+ 1-0

[Event "SR 3. liga A2 2010/2011"]
[Site "?"]
[Date "2011.02.13"]
[Round "8.4"]
[White "Chabada, Tomas"]
[Black "Szitasi, Janos"]
[Result "0-1"]
[WhiteElo "1930"]
[BlackElo "2020"]
[PlyCount "70"]
[EventDate "2010.??.??"]
[WhiteTeam "Slovakia"]
[BlackTeam "II"]
[WhiteTeamCountry "SVK"]
[BlackTeamCountry "SVK"]

1. e4 c5 2. Nf3 d6 3. d4 cxd4 4. Nxd4 Nf6 5. Nc3 g6 6. Be3 Bg7 7. f3 O-O 8. Qd2
Nc6 9. O-O-O Nxd4 10. Bxd4 Be6 11. h4 Qa5 12. Kb1 Rac8 13. Nd5 Qd8 14. Nxf6+
exf6 15. g4 a6 16. g5 Rc6 17. f4 d5 18. e5 fxe5 19. fxe5 Bf5 20. Bd3 Bxd3 21.
cxd3 Re8 22. Rde1 Rce6 23. h5 Bxe5 24. hxg6 fxg6 25. Rxe5 Rxe5 26. Rxh7 Re1+
27. Kc2 Kxh7 28. Qh2+ Kg8 29. Qh8+ Kf7 30. Qg7+ Ke6 31. Qxg6+ Kd7 32. Qf5+ Kc6
33. b4 Qd7 34. Qf4 Qd6 35. Qf5 Qxb4 0-1

[Event "SR 3. liga A2 2010/2011"]
[Site "?"]
[Date "2011.02.13"]
[Round "8.4"]
[White "Hagara, Vladimir"]
[Black "Lanik, Miroslav"]
[Result "0-1"]
[WhiteElo "1900"]
[BlackElo "1871"]
[PlyCount "80"]
[EventDate "2010.??.??"]
[WhiteTeam "Slovakia"]
[BlackTeam "II"]
[WhiteTeamCountry "SVK"]
[BlackTeamCountry "SVK"]

1. d4 d5 2. c4 c6 3. Nf3 Nf6 4. Nc3 e6 5. e3 Nbd7 6. Bd3 dxc4 7. Bxc4 b5 8. Bd3
Bd6 9. Bd2 Bb7 10. Rc1 a6 11. e4 e5 12. O-O O-O 13. h3 h6 14. a3 exd4 15. Nxd4
Ne5 16. Be3 Nxd3 17. Qxd3 c5 18. f4 cxd4 19. Bxd4 Bc5 20. Rcd1 Bxd4+ 21. Qxd4
Qxd4+ 22. Rxd4 Rad8 23. Rfd1 Rxd4 24. Rxd4 Bc8 25. Kf2 Nd7 26. Nd5 Nc5 27. b4
Ne6 28. Rd2 Bb7 29. Ke3 Re8 30. g3 Kf8 31. h4 Bxd5 32. Rxd5 Rc8 33. Rd3 Ke7 34.
f5 Nc7 35. g4 f6 36. Kf4 Ne8 37. Kf3 Nd6 38. Kf4 Rc4 39. Re3 Rc1 40. Kf3 Nc4
0-1

[Event "SR 3. liga A2 2010/2011"]
[Site "?"]
[Date "2011.02.13"]
[Round "8.4"]
[White "Hrubsa, Marian"]
[Black "Takacs, Laszlo"]
[Result "0-1"]
[WhiteElo "1979"]
[BlackElo "1921"]
[PlyCount "102"]
[EventDate "2010.??.??"]
[WhiteTeam "Slovakia"]
[BlackTeam "II"]
[WhiteTeamCountry "SVK"]
[BlackTeamCountry "SVK"]

1. e4 c5 2. Nf3 e6 3. d4 cxd4 4. Nxd4 Nf6 5. Nc3 Nc6 6. Ndb5 Bb4 7. a3 Bxc3+ 8.
Nxc3 d5 9. exd5 exd5 10. Bd3 O-O 11. O-O d4 12. Ne4 Nxe4 13. Bxe4 h6 14. Qf3
Be6 15. Qg3 Qf6 16. f4 Bf5 17. Bd3 Rfe8 18. Bd2 Re7 19. Rae1 Rae8 20. Rxe7 Rxe7
21. Qf3 Qg6 22. Re1 Rxe1+ 23. Bxe1 Bxd3 24. cxd3 Qe6 25. Qe4 Kf8 26. Kf2 Ke7
27. Kf3 $11 f5 28. Qxe6+ Kxe6 29. h3 Nb8 30. Bf2 Kd5 31. g4 g6 32. h4 Nd7 33.
h5 fxg4+ 34. Kxg4 $11 Nf6+ 35. Kh4 gxh5 36. Be1 b6 37. b4 Ke6 38. Bf2 Nd5 39.
Bxd4 Nxf4 40. Bg7 Nxd3 41. Bxh6 Kd5 42. Kxh5 Kc4 43. Bf8 Kb3 44. b5 Nc5 45. Bd6
Nd7 46. Kg4 Ka4 47. Kf4 Kxb5 48. Ke3 Kc4 49. Kd2 Kb3 50. Bb4 Nc5 51. Kc1 Nd3+
0-1

[Event "SR 3. liga A2 2010/2011"]
[Site "?"]
[Date "2011.02.13"]
[Round "8.4"]
[White "Lajda, Dusan"]
[Black "Kastler, Peter"]
[Result "1/2-1/2"]
[WhiteElo "1890"]
[BlackElo "1711"]
[PlyCount "76"]
[EventDate "2010.??.??"]
[WhiteTeam "Slovakia"]
[BlackTeam "II"]
[WhiteTeamCountry "SVK"]
[BlackTeamCountry "SVK"]

1. e4 e6 2. d4 d5 3. Nc3 dxe4 4. Nxe4 Nd7 5. Nf3 Ngf6 6. Bg5 Be7 7. Bxf6 Nxf6
8. Nxf6+ Bxf6 9. c3 O-O 10. Bd3 Re8 11. O-O Bd7 12. Re1 Rc8 13. Qc2 g6 14. b4
Bc6 15. Ne5 Bd7 16. a4 b6 17. Re2 a5 18. bxa5 bxa5 19. Rb1 c5 20. Nxd7 Qxd7 21.
Bb5 Qd8 22. Bxe8 Qxe8 23. d5 Qd7 24. dxe6 fxe6 25. c4 Bd4 26. Qe4 Re8 27. Qc2
Rf8 28. g3 Re8 29. Rb5 Qc7 30. Qd2 Rd8 31. Qc2 e5 32. Qe4 Qf7 33. Rxa5 Qxc4 34.
Ra8 Rxa8 35. Qxa8+ Kg7 36. Qb7+ Kh6 37. Qb5 Qc1+ 38. Kg2 e4 1/2-1/2

[Event "SR 3. liga A2 2010/2011"]
[Site "?"]
[Date "2011.02.13"]
[Round "8.4"]
[White "Liptak, Tomas"]
[Black "Lopatievov, Alexander"]
[Result "1-0"]
[WhiteElo "2073"]
[BlackElo "1988"]
[PlyCount "93"]
[EventDate "2010.??.??"]
[WhiteTeam "Slovakia"]
[BlackTeam "II"]
[WhiteTeamCountry "SVK"]
[BlackTeamCountry "SVK"]

1. e4 d6 2. d4 g6 3. f4 Nf6 4. Nc3 c6 5. a4 Bg7 6. Nf3 O-O 7. Be2 b6 8. O-O Ba6
9. Be3 Bxe2 10. Qxe2 Qc8 11. h3 c5 12. Rad1 Qa6 13. Qf2 Qb7 14. d5 Na6 15. Qh4
Nb4 16. Rf2 Rad8 17. g4 Nxe4 18. Nxe4 Nxd5 19. Bc1 Nf6 20. Nxf6+ exf6 21. b3 d5
22. Re2 d4 23. Qf2 a6 24. Nh2 b5 25. Qf3 Qd7 26. axb5 axb5 27. Ba3 b4 28. Bc1
f5 29. g5 Rfe8 30. Qd3 Bf8 31. Rde1 Rxe2 32. Rxe2 Qd6 33. Nf3 Ra8 34. Bd2 Bg7
35. Qb5 Rb8 36. Re8+ Rxe8 37. Qxe8+ Bf8 38. Ne5 Qe6 39. Qxe6 fxe6 40. Kf1 Be7
41. Ke2 Kf8 42. Kd3 Ke8 43. Kc4 Bf8 44. Nd3 Kd7 45. Nxc5+ Kd6 46. Nd3 Bg7 47.
Nxb4 1-0

[Event "SR 3. liga A2 2010/2011"]
[Site "?"]
[Date "2011.02.13"]
[Round "8.4"]
[White "Puobis, Jozef"]
[Black "Slaby, Jozef"]
[Result "1-0"]
[WhiteElo "1949"]
[BlackElo "1865"]
[PlyCount "139"]
[EventDate "2010.??.??"]
[WhiteTeam "Slovakia"]
[BlackTeam "II"]
[WhiteTeamCountry "SVK"]
[BlackTeamCountry "SVK"]

1. e4 e6 2. Nf3 d5 3. Nc3 Nf6 4. e5 Nfd7 5. d4 a6 6. Bf4 c5 7. Bd3 Nc6 8. dxc5
Bxc5 9. O-O Qc7 10. Qe2 Nb6 11. Rfe1 Bb4 12. a3 Bxc3 13. bxc3 Na5 14. Be3 Nbc4
15. Bc1 Bd7 16. Ng5 Bb5 17. a4 Bc6 18. Qf3 h6 19. Qh5 O-O-O 20. Nxf7 Be8 21.
Bg6 Bxf7 22. Bxf7 g5 23. Qg6 Nc6 24. Qxe6+ Kb8 25. Bh5 N6xe5 26. Be3 Nxe3 27.
Rxe3 Nc4 28. Rf3 Rd6 29. Qe2 Qb6 30. Rf7 Rf6 31. Rxf6 Qxf6 32. Qd3 Rd8 33. Rb1
Qc6 34. Rb4 Ne5 35. Qd4 Qc7 36. Rb1 Nc6 37. Qe3 Rd6 38. h3 d4 39. cxd4 Rxd4 40.
Qe8+ Rd8 41. Qe3 Na5 42. Bf3 Rc8 43. Be4 Qc5 44. Qg3+ Qc7 45. Qg4 Qe5 46. Qf3
Rc7 47. Bd3 Ka7 48. Qf8 Qe6 49. Qb4 Nc4 50. Bxc4 Qxc4 51. Qb6+ Kb8 52. Qxh6
Qxc2 53. Qh8+ Ka7 54. Qd4+ Kb8 55. Re1 Qc5 56. Re8+ Ka7 57. Qe5 Qxe5 58. Rxe5
Rg7 59. a5 b6 60. axb6+ Kxb6 61. Kf1 a5 62. Ke2 g4 63. h4 g3 64. f4 a4 65. Kf3
a3 66. h5 a2 67. Re1 Rh7 68. Ra1 Rxh5 69. Rxa2 Kc6 70. Rd2 1-0

[Event "SR 3. liga A2 2010/2011"]
[Site "?"]
[Date "2011.02.13"]
[Round "8.5"]
[White "Curidlo, Jan"]
[Black "Kosar, Mikulas ml"]
[Result "0-1"]
[WhiteElo "1827"]
[BlackElo "1889"]
[PlyCount "80"]
[EventDate "2010.??.??"]
[WhiteTeam "Slovakia"]
[BlackTeam "II"]
[WhiteTeamCountry "SVK"]
[BlackTeamCountry "SVK"]

1. e4 d5 2. exd5 Nf6 3. Bb5+ Bd7 4. Bxd7+ Qxd7 5. c4 c6 6. dxc6 Nxc6 7. d3 e5
8. Nc3 Bc5 9. Be3 Nd4 10. h3 O-O 11. Nge2 Rad8 12. Nc1 Qc6 13. O-O Rfe8 14.
Bxd4 Bxd4 15. Qc2 Bxc3 16. bxc3 e4 17. d4 Qxc4 18. Qb3 Qc7 19. Rb1 b6 20. Ne2
e3 21. fxe3 Rxe3 22. Qc2 Rde8 23. Rbe1 Qc4 24. Kf2 Nd5 25. Qd2 Nf6 26. Qxe3
Rxe3 27. Kxe3 Qxa2 28. Kd3 Qa6+ 29. Kc2 Qa2+ 30. Kd3 Qa6+ 31. Kc2 Qc4 32. Nf4
Kf8 33. Rf3 b5 34. Nd3 Qa2+ 35. Nb2 Nd5 36. Re5 f6 37. Re1 Nb6 38. Rff1 Nc4 39.
Rb1 Na3+ 40. Kd3 Nxb1 0-1

[Event "SR 3. liga A2 2010/2011"]
[Site "?"]
[Date "2011.02.13"]
[Round "8.5"]
[White "Feher, Tibor"]
[Black "Vepy, Ivan"]
[Result "0-1"]
[WhiteElo "1805"]
[BlackElo "1935"]
[PlyCount "92"]
[EventDate "2010.??.??"]
[WhiteTeam "Slovakia"]
[BlackTeam "II"]
[WhiteTeamCountry "SVK"]
[BlackTeamCountry "SVK"]

1. e4 e5 2. Nf3 Nc6 3. d4 exd4 4. Nxd4 Nxd4 5. Qxd4 d6 6. Nc3 Nf6 7. Be2 Be7 8.
f3 O-O 9. Be3 Be6 10. O-O Nd7 11. Nd5 Bxd5 12. Qxd5 Qc8 13. Rad1 Kh8 14. f4 Nf6
15. Qd3 Qe6 16. Qb3 b6 17. Qxe6 fxe6 18. Bf3 Rad8 19. Rd3 e5 20. Rfd1 exf4 21.
Bxf4 Nxe4 22. Be3 Ng5 23. Bc6 Ne6 24. Re1 Bf6 25. b3 Be5 26. Red1 h6 27. a4 Rf6
28. a5 Rdf8 29. g3 Nc5 30. Bxc5 dxc5 31. axb6 axb6 32. Rd8 $11 Bd4+ 33. R8xd4
cxd4 34. Bb5 c5 35. Rf1 Rxf1+ 36. Bxf1 g6 37. Be2 Kg7 38. Kg2 Kf6 39. Bf3 Ke5
40. Kf2 Rf6 41. Ke2 Rxf3 42. Kxf3 b5 43. h3 c4 44. b4 Kf5 45. g4+ Ke5 46. h4 g5
0-1